| 000 | 00740cam a2200265 a 4500 | ||
|---|---|---|---|
| 001 | 1408772 | ||
| 003 | PILC | ||
| 005 | 20160128120136.0 | ||
| 008 | 830517s1983 onc 000 1 eng | ||
| 010 | _a 83090654 | ||
| 020 | _a0722184492 | ||
| 040 |
_aDLC _cDLC _dDLC |
||
| 050 | 0 | 0 |
_aPR 6070.H56 _b.T454 1984 |
| 082 | 0 | 0 |
_aFIC _bT36f 1983 |
| 100 | 1 |
_aThomas, Craig _d1942-2011. _918265 |
|
| 245 | 1 | 0 |
_aFirefox down _cCraig Thomas |
| 260 |
_aLondon : _bSphere Books Limited, _cc1984. |
||
| 300 |
_a340 p. : _c18 cm. |
||
| 650 |
_aFiction. _9746 |
||
| 655 | 7 |
_aAdventure stories. _2gsafd _92927 |
|
| 655 | 7 |
_aSpy stories. _2gsafd _94765 |
|
| 906 |
_a7 _bcbc _corignew _du _eopcn _f19 _gy-gencatlg |
||
| 942 |
_2lcc _cBK |
||
| 999 |
_c10926 _d10926 |
||